[Event "83rd ESP-ch Women-ch 2018"]
[Site "Linares"]
[Date "2018.08.22"]
[Round "3"]
[White "Salgado Lopez, Ivan"]
[Black "Garza Marco, Sergio"]
[Result "1-0"]
[WhiteElo "2643"]
[BlackElo "2414"]
[Annotator "TA"]
[EventDate "2018.08.09"]
[PlyCount "95"]
[EventType "tourn"]
[EventCountry "ESP"]

1. e4 e6 2. d4 d5 3. Nc3 Bb4 4. e5 c5 5. a3 Ba5 6. b4 cxd4 7. Nb5 Bc7 8. f4
Bd7 9. Nxc7+ Qxc7 10. Nf3 Ne7 11. Bd3 Ba4 12. O-O Nbc6 13. b5 Na5 14. Rb1
a6 $1 15. bxa6 bxa6 16. Kh1 $146 Nf5 17. Bxf5 exf5 18. Nxd4 O-O 19. Bd2 Nc4
20. Bb4 Ne3 $11 21. Qd3 $36 Nxf1 22. Bxf8 Rxf8 23. Rxf1 Qc4 24. Qxc4 $16
dxc4 25. Rb1 Rd8 26. c3 Bb3 27. Kg1 h6 28. Kf1 Rd5 29. Ke2 g5 30. g3 Ra5
31. Nxb3 cxb3 32. Rxb3 Ra4 $2 33. Kd3 $1 $18 gxf4 34. c4 $1 fxg3 $2 35.
hxg3 Kf8 36. Kd4 Ke7 37. Kd5 Ra5+ $2 38. c5 Rb5 39. Rxb5 axb5 40. Kc6 h5
41. Kb6 h4 42. gxh4 f4 43. h5 f3 44. h6 f2 45. h7 f1=Q 46. h8=Q Qd3 47.
Qf6+ Ke8 48. Qc6+ 1-0

[Event "83rd ESP-ch Women-ch 2018"]
[Site "Linares"]
[Date "2018.08.22"]
[Round "3"]
[White "Santos Latasa, Jaime"]
[Black "Romero Romero, Sebastian"]
[Result "1-0"]
[WhiteElo "2582"]
[BlackElo "2171"]
[Annotator "TA"]
[EventDate "2018.08.09"]
[PlyCount "119"]
[EventType "tourn"]
[EventCountry "ESP"]

1. d4 f5 2. g3 Nf6 3. Bg2 e6 4. Nf3 d5 5. O-O Bd6 6. c4 c6 7. b3 Qe7 8. Bb2
O-O 9. Qc1 Nbd7 10. Rd1 a5 $146 11. Ba3 a4 12. Bxd6 Qxd6 13. Nc3 a3 14. c5
Qe7 15. Qf4 Ne4 16. Rac1 e5 $36 17. Nxe5 g5 $1 18. Qe3 f4 19. gxf4 gxf4 $15
20. Qf3 Ng5 21. Qh5 Nxe5 22. dxe5 Qxe5 23. Kh1 $1 Nf7 24. Qh4 Qg5 25. Qxg5+
$11 Nxg5 26. Bxd5+ cxd5 27. Rg1 $1 h6 28. h4 $1 Rf5 29. hxg5 hxg5 30. Nb5
Re5 31. Nd4 g4 32. f3 Bd7 33. Kg2 g3 34. Rh1 $16 Rae8 35. Rce1 Bb5 36. Rh4
$18 Bxe2 37. Rg4+ Kf7 38. Rxf4+ Kg6 39. Kxg3 Bd3 40. Rd1 Ba6 41. Kf2 Rg5
42. Rh4 Kf6 43. Rh6+ Rg6 44. Rxg6+ Kxg6 45. Rc1 Rc8 46. Rc3 Rh8 47. Kg3 Kf6
48. f4 Bf1 49. Kf2 Ba6 50. c6 $1 b6 51. c7 Bb7 52. Re3 Rh2+ $2 53. Kf3 Rh3+
54. Ke2 Rh2+ 55. Kd3 Kf7 56. Re6 Rh3+ $2 57. Kc2 Rh2+ 58. Kc3 Rh3+ 59. Kb4
Bc8 60. Rd6 1-0

[Event "83rd ESP-ch Women-ch 2018"]
[Site "Linares"]
[Date "2018.08.22"]
[Round "3"]
[White "Santos Ruiz, Miguel"]
[Black "Ayats Llobera, Gerard"]
[Result "1/2-1/2"]
[WhiteElo "2517"]
[BlackElo "2345"]
[Annotator "TA"]
[EventDate "2018.08.09"]
[PlyCount "39"]
[EventType "tourn"]
[EventCountry "ESP"]

1. d4 Nf6 2. c4 g6 3. f3 Bg7 4. e4 d6 5. Nc3 O-O 6. Bg5 Nc6 7. Nge2 a6 8.
h4 e5 $146 9. d5 Nd4 10. h5 h6 11. Be3 Nxe2 12. Nxe2 Nxh5 13. Qd2 Qf6 14.
Bxh6 Bxh6 15. Qxh6 Qg7 16. Qe3 Qf6 17. Qh6 Qg7 18. Qe3 Qf6 $1 19. Qh6 Qg7
20. Qe3 1/2-1/2

[Event "83rd ESP-ch Women-ch 2018"]
[Site "Linares"]
[Date "2018.08.22"]
[Round "3"]
[White "Arizmendi Martinez, Julen Luis"]
[Black "Garcia Romero, Benjamin Abel"]
[Result "0-1"]
[WhiteElo "2507"]
[BlackElo "2230"]
[Annotator "TA"]
[EventDate "2018.08.09"]
[PlyCount "78"]
[EventType "tourn"]
[EventCountry "ESP"]

1. e4 e5 2. Nf3 Nc6 3. Bb5 a6 4. Ba4 Nf6 5. O-O Be7 6. Re1 b5 7. Bb3 O-O 8.
a4 b4 9. a5 Rb8 10. d4 d6 11. d5 Na7 $1 12. c4 $146 c5 13. Nbd2 Ne8 14. Nf1
g6 15. Bh6 Ng7 16. Qd2 Bd7 17. h3 f5 18. exf5 gxf5 19. Ng5 Qe8 20. Bxg7
Kxg7 21. Ne6+ Bxe6 $1 22. dxe6 Qc8 $1 23. f4 Qxe6 24. fxe5 dxe5 $17 25. Qd5
Qxd5 26. cxd5 e4 27. Ne3 Nb5 $19 28. Bc4 Kg6 29. Bxb5 $17 Rxb5 30. g4 f4
31. Nf5 $2 Rxf5 $19 32. gxf5+ Kxf5 33. Rac1 Bf6 34. d6 Bd4+ 35. Kf1 Rb7 36.
Rc2 f3 37. Rec1 Rg7 38. Rxc5+ Kf4 39. Ke1 Be3 0-1

[Event "83rd ESP-ch Women-ch 2018"]
[Site "Linares"]
[Date "2018.08.22"]
[Round "3"]
[White "Aroshidze, Levan"]
[Black "Garcia Vicente, Nieves"]
[Result "1-0"]
[WhiteElo "2504"]
[BlackElo "2181"]
[Annotator "TA"]
[EventDate "2018.08.09"]
[PlyCount "119"]
[EventType "tourn"]
[EventCountry "ESP"]

1. e4 e5 2. Nf3 Nc6 3. Bb5 Nf6 4. d3 Bc5 5. Bxc6 dxc6 6. Nbd2 Be6 7. O-O
Nd7 8. Nb3 Be7 9. Na5 Rb8 10. b3 $146 c5 11. Bb2 f6 12. Nc4 O-O 13. Ne3 Re8
14. Nh4 Nf8 15. Nhf5 Bd6 16. Kh1 Kh8 17. g3 Qd7 18. f4 Bxf5 19. Nxf5 Ne6
20. Qd2 Nd4 21. Ne3 $1 exf4 22. gxf4 Qh3 23. Qf2 Nc6 $2 24. Rg1 $1 $18 Bf8
25. Rg4 Nd4 26. Rag1 Qf3+ 27. Qxf3 Nxf3 28. R1g3 Nd4 29. Bxd4 cxd4 30. Nf5
g6 31. Nxd4 c6 32. f5 Bd6 33. fxg6 Bxg3 34. g7+ $1 Kg8 35. Nf5 Bf4 36. Rxf4
Re5 37. Kg2 Rd8 38. Kg3 Rxf5 39. Rxf5 Kxg7 $16 40. Kf3 Rd7 41. a4 Kg6 42.
Ke3 Rd6 43. b4 a6 44. a5 $18 Rd7 45. d4 Rd8 46. c4 Rc8 47. Kd3 Rc7 48. h4
Rc8 49. h5+ Kg7 50. d5 cxd5 51. exd5 Kf7 52. Kd4 Ke7 53. Rf4 Kf7 54. c5 Rg8
55. c6 bxc6 56. dxc6 Ke6 57. Kc5 Ke5 58. Rf1 f5 59. Re1+ Kf6 60. c7 1-0

[Event "83rd ESP-ch Women-ch 2018"]
[Site "Linares"]
[Date "2018.08.22"]
[Round "3"]
[White "Huerga Leache, Mikel"]
[Black "Sanchez Jerez, Emilio Miguel"]
[Result "1-0"]
[WhiteElo "2451"]
[BlackElo "2246"]
[TimeControl "40/5400+30:1800+30"]
[Annotator "ChessBase"]
[EventDate "2018.08.09"]
[PlyCount "99"]
[EventType "tourn"]
[EventCountry "ESP"]

1. Nf3 d5 2. b3 Nf6 3. Bb2 g6 4. c4 c6 5. g3 Bg7 6. Bg2 O-O 7. O-O Nbd7 8.
Qc2 dxc4 9. bxc4 Qc7 10. d4 Re8 11. h3 e5 12. dxe5 Nh5 13. e3 Nxe5 14. Nd4
Qe7 15. Nd2 Nd7 16. Rae1 Nf8 17. e4 Qc7 18. Kh2 Ne6 19. N4b3 Bxb2 20. Qxb2
a5 21. e5 a4 22. Nd4 a3 23. Qc3 Qa5 24. Qxa5 Rxa5 25. N4b3 Ra4 26. Ne4 Rd8
27. Rc1 Ra8 28. Rfd1 Rxd1 29. Rxd1 Kf8 30. Bf3 Nhg7 31. Nf6 h5 32. g4 hxg4
33. Bxg4 Ke7 34. Kg3 Ne8 35. Ne4 b6 36. Nd6 Bd7 37. Nxf7 Ra4 38. Nh8 Bc8
39. c5 bxc5 40. Bxe6 Bxe6 41. Nxc5 Rc4 42. Nxg6+ Kf7 43. Nxe6 Kxe6 44. Rd3
Ng7 45. Rd6+ Kf5 46. Rf6+ Ke4 47. Rf4+ Kd3 48. Rf3+ Kc2 49. Rxa3 Nf5+ 50.
Kh2 1-0

[Event "83rd ESP-ch Women-ch 2018"]
[Site "Linares"]
[Date "2018.08.22"]
[Round "3"]
[White "Garriga Cazorla, Pere"]
[Black "Orantes Taboada, Francisco"]
[Result "1-0"]
[WhiteElo "2444"]
[BlackElo "2242"]
[TimeControl "40/5400+30:1800+30"]
[Annotator "ChessBase"]
[EventDate "2018.08.09"]
[PlyCount "115"]
[EventType "tourn"]
[EventCountry "ESP"]

1. d4 Nf6 2. c4 g6 3. Nc3 d5 4. Bg5 Ne4 5. Bh4 Nxc3 6. bxc3 Bg7 7. cxd5
Qxd5 8. e3 c5 9. Nf3 Nc6 10. Be2 Bf5 11. O-O O-O 12. Nd2 cxd4 13. cxd4 Nxd4
14. exd4 Qxd4 15. Nf3 Qxa1 16. Qxa1 Bxa1 17. Rxa1 Rfd8 18. h3 Rac8 19. Bd1
f6 20. Nh2 Rd4 21. Bg3 Bc2 22. Bg4 Rc6 23. Nf1 b5 24. Ne3 Be4 25. Bd1 Kg7
26. f3 Bd3 27. Be1 e5 28. Bb3 f5 29. Bf2 Rd7 30. Be1 Rdc7 31. Bd2 Bc4 32.
Bc3 Re7 33. Bxc4 bxc4 34. f4 Rd7 35. Rc1 Kf7 36. fxe5 Rd3 37. Kf2 f4 38.
Nf1 Ra6 39. Rc2 Ra3 40. Ba1 Rd1 41. Bc3 a5 42. Ke2 Rd3 43. Ba1 f3+ 44. gxf3
Rxf3 45. Bb2 Rad3 46. Rxc4 Rxh3 47. Nd2 Rhe3+ 48. Kd1 g5 49. Kc2 Rd7 50.
Bc3 Ke6 51. Rc6+ Kf5 52. Nc4 Re2+ 53. Bd2 Kg4 54. Kc3 h5 55. Rg6 Rdxd2 56.
Nxd2 Rxe5 57. Kd3 h4 58. Ne4 1-0

[Event "83rd ESP-ch Women-ch 2018"]
[Site "Linares"]
[Date "2018.08.22"]
[Round "3"]
[White "Cruz Lledo, Pablo"]
[Black "Anton Guijarro, David"]
[Result "1/2-1/2"]
[WhiteElo "2432"]
[BlackElo "2652"]
[Annotator "TA"]
[EventDate "2018.08.09"]
[PlyCount "61"]
[EventType "tourn"]
[EventCountry "ESP"]

1. d4 Nf6 2. c4 e6 3. Nc3 Bb4 4. Qc2 d6 5. a3 Bxc3+ 6. Qxc3 O-O 7. Nf3 b6
8. e3 Bb7 9. Be2 Nbd7 10. O-O Ne4 11. Qc2 f5 12. b4 Rf6 13. Bb2 Rh6 14. d5
c5 15. Rad1 Qe7 16. g3 exd5 $146 17. cxd5 Rc8 18. b5 Rf8 19. Ne1 Ng5 20.
Ng2 Nh3+ 21. Kh1 Ng5 22. Kg1 Kh8 23. f4 Ne4 $11 24. Bf3 Re8 25. Qa4 a6 26.
bxa6 $16 Ra8 27. a7 Ndf6 $14 28. Nh4 $36 Rxh4 29. gxh4 $18 Nxd5 30. Bxe4 $1
fxe4 31. f5 $2 1/2-1/2

[Event "83rd ESP-ch Women-ch 2018"]
[Site "Linares"]
[Date "2018.08.22"]
[Round "3"]
[White "Ladron de Guevara Pinto, Paolo"]
[Black "Blazquez Gomez, Juan Carlos"]
[Result "1-0"]
[WhiteElo "2424"]
[BlackElo "2240"]
[TimeControl "40/5400+30:1800+30"]
[Annotator "ChessBase"]
[EventDate "2018.08.09"]
[PlyCount "63"]
[EventType "tourn"]
[EventCountry "ESP"]

1. e4 d5 2. exd5 Nf6 3. Bb5+ Bd7 4. Bc4 b5 5. Bb3 a5 6. a4 bxa4 7. Rxa4
Bxa4 8. Bxa4+ Nbd7 9. Nf3 Qb8 10. Ne5 Qb4 11. c4 e6 12. O-O Bd6 13. dxe6
fxe6 14. d4 Bxe5 15. dxe5 O-O-O 16. exf6 Nb6 17. fxg7 Rhg8 18. Qf3 Qxa4 19.
Bg5 Rde8 20. b3 Qb4 21. Bd2 Qc5 22. Be3 Qb4 23. Bd2 Qc5 24. Nc3 Rxg7 25.
Be3 Qb4 26. Nb5 Kb8 27. Qc6 Qe7 28. Nxc7 Qxc7 29. Qxe8+ Nc8 30. Qxe6 Qb7
31. Qe5+ Qc7 32. Bf4 1-0

[Event "83rd ESP-ch Women-ch 2018"]
[Site "Linares"]
[Date "2018.08.22"]
[Round "3"]
[White "Tejedor Fuente, Enrique"]
[Black "Rodriguez Perez, Angel Mariano"]
[Result "1-0"]
[WhiteElo "2408"]
[BlackElo "2223"]
[TimeControl "40/5400+30:1800+30"]
[Annotator "ChessBase"]
[EventDate "2018.08.09"]
[PlyCount "109"]
[EventType "tourn"]
[EventCountry "ESP"]

1. e4 c5 2. Nf3 a6 3. c3 d6 4. d4 Nd7 5. Bd3 g6 6. O-O Bg7 7. Qe2 e6 8.
Nbd2 b5 9. a4 c4 10. Bc2 Bb7 11. b3 cxb3 12. Nxb3 bxa4 13. Rxa4 Ne7 14. Ba3
Nb6 15. Na5 Bc8 16. Rb4 O-O 17. Rfb1 Nbd5 18. exd5 Qxa5 19. Ra4 Qd8 20.
dxe6 fxe6 21. Ng5 Nd5 22. Ne4 a5 23. Bb3 Ba6 24. Qe1 Rf4 25. Nxd6 Kh8 26.
g3 Rf3 27. Bd1 Rf6 28. Ne4 Bd3 29. Nxf6 Bxb1 30. Nxd5 Qxd5 31. Bc1 Bf5 32.
Qf1 e5 33. Be3 Bd7 34. c4 Qf7 35. d5 Bxa4 36. Bxa4 Bf8 37. Qa1 Qc7 38. Bc6
Rb8 39. c5 Bg7 40. Qa4 Rb4 41. Qd1 e4 42. Bf4 Qc8 43. Kg2 Bd4 44. Bd2 Rb2
45. Be1 Bf6 46. Qc1 Qf5 47. Qe3 Rb1 48. Bxa5 Rd1 49. d6 Bd4 50. Bxe4 Bxe3
51. Bxf5 Bxc5 52. d7 Be7 53. Bg4 Rd6 54. Bb4 Rxd7 55. Bc3+ 1-0

[Event "83rd ESP-ch Women-ch 2018"]
[Site "Linares"]
[Date "2018.08.22"]
[Round "3"]
[White "Suarez Uriel, Adrian"]
[Black "Comellas Martos, Lidia"]
[Result "1-0"]
[WhiteElo "2391"]
[BlackElo "2001"]
[TimeControl "40/5400+30:1800+30"]
[Annotator "NA"]
[EventDate "2018.08.09"]
[PlyCount "67"]
[EventType "tourn"]
[EventCountry "ESP"]

1. Nf3 Nf6 2. c4 c5 3. Nc3 Nc6 4. d4 cxd4 5. Nxd4 g6 6. e4 d6 7. Be2 Bg7 8.
Be3 O-O 9. O-O Bd7 10. h3 Nxd4 11. Bxd4 Bc6 12. Qc2 e5 13. Be3 h6 14. Rfd1
Qe7 15. b4 b6 16. a4 Rfd8 17. a5 Qc7 18. Qd3 Bf8 19. Rdc1 bxa5 20. Rxa5 a6
21. Nd5 Bxd5 22. cxd5 Qb7 23. Bd2 Rdc8 24. Rxc8 Qxc8 25. f3 h5 26. Rxa6
Rxa6 27. Qxa6 Qxa6 28. Bxa6 Be7 29. Bb5 Bd8 30. Be3 Bc7 31. Ba7 Kf8 32. Bc6
Ke7 33. b5 Nd7 34. Bxd7 1-0

[Event "83rd ESP-ch Women-ch 2018"]
[Site "Linares"]
[Date "2018.08.22"]
[Round "3"]
[White "Vega Gutierrez, Sabrina Neide"]
[Black "Perez Candelario, Manuel"]
[Result "1/2-1/2"]
[WhiteElo "2390"]
[BlackElo "2611"]
[Annotator "TA"]
[EventDate "2018.08.09"]
[PlyCount "102"]
[EventType "tourn"]
[EventCountry "ESP"]

1. e4 c5 2. Nf3 e6 3. d4 cxd4 4. Nxd4 a6 5. Be2 Nf6 6. Nc3 d6 7. O-O Nbd7
8. f4 b5 9. Bf3 Bb7 10. Re1 Be7 11. e5 Bxf3 $1 12. Qxf3 dxe5 13. Nc6 $1
Qb6+ 14. Be3 Bc5 15. Nxe5 Bxe3+ 16. Qxe3 O-O 17. Ne4 $146 Qxe3+ 18. Rxe3
Rfc8 19. Nxd7 Nxd7 20. c3 Nb6 21. Rd3 h6 22. g3 Rab8 23. b3 g6 24. Rc1 Rc6
25. c4 bxc4 26. Rdc3 Rd8 27. R3c2 Rd4 28. Nd2 $11 Kf8 29. Nf3 Rdd6 30. Ne5
Rc5 31. bxc4 g5 32. Rb2 Nd7 33. Nxd7+ Rxd7 34. fxg5 hxg5 $15 35. Kf2 Rd4
36. Rbc2 Ke7 37. Ke3 e5 38. h3 f5 $19 39. Rc3 Ke6 40. Ra3 a5 41. Kf3 e4+
42. Ke3 Ke5 43. Rb3 f4+ 44. gxf4+ gxf4+ 45. Ke2 Rdxc4 46. Rxc4 Rxc4 47.
Rb5+ Kd4 48. Rxa5 f3+ 49. Kd1 e3 50. Rf5 e2+ 51. Kd2 Ke4 1/2-1/2

[Event "83rd ESP-ch Women-ch 2018"]
[Site "Linares"]
[Date "2018.08.22"]
[Round "3"]
[White "Matnadze, Ana"]
[Black "Roldan Marques, Daniel"]
[Result "1/2-1/2"]
[WhiteElo "2378"]
[BlackElo "2161"]
[TimeControl "40/5400+30:1800+30"]
[Annotator "NA"]
[EventDate "2018.08.09"]
[PlyCount "60"]
[EventType "tourn"]
[EventCountry "ESP"]

1. Nf3 Nf6 2. c4 c6 3. g3 d5 4. d4 dxc4 5. Bg2 b5 6. a4 Bb7 7. b3 cxb3 8.
Qxb3 a6 9. Ba3 $146 Nbd7 10. Ne5 Nxe5 11. dxe5 Nd5 12. O-O e6 13. Bxf8 Kxf8
14. Nc3 Nxc3 15. Qxc3 Qe7 16. Rfc1 g6 17. Bxc6 Rc8 18. axb5 axb5 19. Qf3
Rxc6 20. Rxc6 Bxc6 21. Qxc6 b4 22. Qb6 Kg7 23. Ra7 Qe8 24. Qxb4 Qb8 $14 25.
Qe7 Qb1+ 26. Kg2 Qe4+ 27. Kg1 Qb1+ 28. Kg2 Qe4+ 29. Kg1 Qb1+ 30. Kg2 Qe4+
1/2-1/2

[Event "83rd ESP-ch Women-ch 2018"]
[Site "Linares"]
[Date "2018.08.22"]
[Round "3"]
[White "Teran Alvarez, Ismael"]
[Black "Del Rio de Angelis, Salvador Gabriel"]
[Result "1/2-1/2"]
[WhiteElo "2377"]
[BlackElo "2525"]
[Annotator "TA"]
[EventDate "2018.08.09"]
[PlyCount "60"]
[EventType "tourn"]
[EventCountry "ESP"]

1. Nf3 b6 2. e4 Bb7 3. Nc3 e6 4. d4 Bb4 5. Bd3 Nf6 6. Qe2 d5 7. e5 Ne4 8.
O-O Nxc3 9. bxc3 Bxc3 10. Rb1 Nc6 11. Qe3 Bb4 12. Qf4 Qd7 13. Qg4 Bf8 14.
c3 h6 $146 15. h4 O-O-O 16. h5 Kb8 17. Nh4 Ne7 18. Qf4 g5 19. hxg6 fxg6 20.
Qf7 g5 21. Nf3 Nf5 22. Qh5 Be7 23. g4 Ng7 24. Qf7 Rhf8 25. Qxg7 $11 Rxf3
26. Be3 Rff8 27. a4 Rh8 28. a5 $15 h5 29. Bb5 c6 30. Be2 $1 Rdg8 1/2-1/2

[Event "83rd ESP-ch Women-ch 2018"]
[Site "Linares"]
[Date "2018.08.22"]
[Round "3"]
[White "Bernabeu Lopez, Carlos Javier"]
[Black "Gil Quilez, Sonia"]
[Result "1-0"]
[WhiteElo "2360"]
[BlackElo "2066"]
[TimeControl "40/5400+30:1800+30"]
[Annotator "NA"]
[EventDate "2018.08.09"]
[PlyCount "99"]
[EventType "tourn"]
[EventCountry "ESP"]

1. e4 e5 2. Nf3 Nc6 3. Bb5 a6 4. Ba4 Nge7 5. c3 g6 6. d4 exd4 7. cxd4 Bg7
8. O-O O-O 9. d5 Ne5 10. Nxe5 Bxe5 11. Nc3 Bg7 $146 12. d6 cxd6 13. Bg5 h6
14. Bh4 g5 15. Bg3 Be5 16. Bxe5 dxe5 17. Qd6 Ng6 18. Bb3 Kg7 19. Nd5 b5 20.
Rac1 Bb7 21. Nb6 Rb8 22. Nxd7 Rc8 23. Rxc8 Bxc8 24. Rd1 Bxd7 25. Qxd7 Qb6
26. g3 Qc5 27. Rd6 a5 28. Rc6 Qb4 29. Qf5 Qe7 30. Rb6 Rd8 31. Bd5 Rd7 32.
Rxb5 Ra7 33. a4 Nf8 34. Qf3 Nd7 35. Qc3 Nf6 36. Rxa5 Rc7 37. Qd2 Qd6 38.
Qe2 Qb4 39. Ra6 g4 40. Kg2 Qd4 41. Rxf6 Kxf6 42. Qxg4 Qxb2 43. Qg8 Qc3 $18
44. h4 Rd7 45. Qh7 Qc7 46. Qxh6+ Ke7 47. Qg5+ Kd6 48. h5 Qb8 49. Qf6+ Kc5
50. Qc6+ 1-0

[Event "83rd ESP-ch Women-ch 2018"]
[Site "Linares"]
[Date "2018.08.22"]
[Round "3"]
[White "Sanchez Aller, Fernando"]
[Black "Merario Alarcon, Andres"]
[Result "1-0"]
[WhiteElo "2345"]
[BlackElo "2406"]
[TimeControl "40/5400+30:1800+30"]
[Annotator "NA"]
[EventDate "2018.08.09"]
[PlyCount "69"]
[EventType "tourn"]
[EventCountry "ESP"]

1. e4 c5 2. Nc3 g6 3. Nf3 Bg7 4. d4 cxd4 5. Nxd4 Nc6 6. Be3 Nf6 7. Bc4 O-O
8. Bb3 Re8 9. f3 e6 10. f4 d6 11. Ndb5 Re7 12. Nxd6 Rd7 13. e5 Ne8 14. Nce4
Nxe5 15. fxe5 Bxe5 16. Bg5 Qb6 17. Nxe8 Rxd1+ 18. Rxd1 Qb4+ 19. Nd2 Bd7 20.
Nf6+ Bxf6 21. Bxf6 Qf4 22. Nf3 Bc6 23. Bd4 Bxf3 24. O-O Qd6 25. Rxf3 a5 26.
Rfd3 Qe7 27. Bc3 b5 28. a3 Qg5 29. g3 a4 30. Ba2 Re8 31. h4 Qc5+ 32. Kg2
Qc6+ 33. Kh2 Qe4 34. Rd8 Kf8 35. Bf6 1-0

[Event "83rd ESP-ch Women-ch 2018"]
[Site "Linares"]
[Date "2018.08.22"]
[Round "3"]
[White "Castellanos Gomez, Alejandro"]
[Black "Fernandez Montero, Francisco Manuel"]
[Result "1-0"]
[WhiteElo "2320"]
[BlackElo "2046"]
[TimeControl "40/5400+30:1800+30"]
[Annotator "NA"]
[EventDate "2018.08.09"]
[PlyCount "65"]
[EventType "tourn"]
[EventCountry "ESP"]

1. d4 f5 2. Nf3 Nf6 3. g3 e6 4. Bg2 Be7 5. O-O O-O 6. c4 d6 7. Nc3 Ne4 8.
Qc2 Nxc3 9. Qxc3 a5 10. Qc2 Nc6 11. Bd2 e5 12. dxe5 dxe5 13. Bc3 Bf6 14.
Rad1 Qe8 15. b3 Qh5 16. Qb2 f4 17. Rd5 fxg3 18. fxg3 Re8 19. Rb5 Qh6 20.
Kh1 Qe3 21. Ng1 Qh6 22. Bd5+ Kh8 23. Bf3 e4 24. Bxe4 Qe3 25. Bxf6 Qxe4+ 26.
Nf3 Qxe2 27. Bxg7+ Kg8 28. Qxe2 Rxe2 29. Rg5 h6 30. Bxh6+ Kh7 31. Bg7 Be6
32. Ng1 Rxa2 33. Rf6 1-0

[Event "83rd ESP-ch Women-ch 2018"]
[Site "Linares"]
[Date "2018.08.22"]
[Round "3"]
[White "Domingo Nunez, Ruben"]
[Black "Samuel Lares, Jairo"]
[Result "1-0"]
[WhiteElo "2318"]
[BlackElo "2006"]
[TimeControl "40/5400+30:1800+30"]
[Annotator "NA"]
[EventDate "2018.08.09"]
[PlyCount "41"]
[EventType "tourn"]
[EventCountry "ESP"]

1. e4 c5 2. Nf3 Nc6 3. Bb5 d6 4. O-O Bd7 5. Re1 e5 6. c3 a6 7. Bc4 Be6 8.
Bxe6 fxe6 9. d4 cxd4 10. cxd4 exd4 11. Nxd4 Nxd4 12. Qxd4 e5 13. Qb4 Qd7
14. Nc3 Nf6 15. Bg5 Be7 16. Bxf6 gxf6 17. Nd5 Rg8 18. Qb3 Qg4 19. Ne3 Qg6
20. Qxb7 Kf7 21. Rac1 1-0

[Event "83rd ESP-ch Women-ch 2018"]
[Site "Linares"]
[Date "2018.08.22"]
[Round "3"]
[White "Balbuena Fuentes, Mario"]
[Black "Ramos Saavedra, Mario"]
[Result "1-0"]
[WhiteElo "2306"]
[BlackElo "1981"]
[TimeControl "40/5400+30:1800+30"]
[Annotator "NA"]
[EventDate "2018.08.09"]
[PlyCount "61"]
[EventType "tourn"]
[EventCountry "ESP"]

1. b3 e5 2. Bb2 Nc6 3. e3 Nf6 4. c4 d5 5. cxd5 Nxd5 6. a3 Bd6 7. d3 Be6 8.
Nf3 Qe7 9. Nbd2 Nb6 10. Be2 O-O 11. Qc2 f5 12. b4 a6 13. Rc1 Rae8 14. O-O
g5 15. Nb3 g4 16. Nfd2 Rf6 17. Nc5 Rh6 18. Rfe1 Bxc5 19. Qxc5 Qxc5 20. bxc5
Nd7 21. d4 Kf7 22. Bd3 exd4 23. exd4 Ne7 24. Nc4 Nc6 25. Re2 Rg6 26. Rce1
Rgg8 27. Ne3 f4 28. d5 fxe3 29. dxe6+ Kxe6 30. Rxe3+ Kf7 31. Bc4+ 1-0

[Event "83rd ESP-ch Women-ch 2018"]
[Site "Linares"]
[Date "2018.08.22"]
[Round "3"]
[White "Galiana Fernandez, Adrian"]
[Black "Ruiz Casado, Francisco Javier"]
[Result "1-0"]
[WhiteElo "2291"]
[BlackElo "1975"]
[TimeControl "40/5400+30:1800+30"]
[Annotator "NA"]
[EventDate "2018.08.09"]
[PlyCount "33"]
[EventType "tourn"]
[EventCountry "ESP"]

1. e4 g6 2. d4 Bg7 3. Nf3 c6 4. c4 d5 5. e5 h5 6. Nc3 Nh6 7. Qb3 dxc4 8.
Bxc4 O-O 9. e6 f6 10. O-O b6 11. Rd1 Ba6 12. d5 Bxc4 13. Qxc4 Qc8 14. d6
exd6 15. e7+ Rf7 16. Rxd6 Nd7 17. Qe6 1-0

[Event "83rd ESP-ch Women-ch 2018"]
[Site "Linares"]
[Date "2018.08.22"]
[Round "3"]
[White "Moral Garcia, Serafin"]
[Black "Antunez Munoz, Ines"]
[Result "1-0"]
[WhiteElo "2287"]
[BlackElo "1956"]
[TimeControl "40/5400+30:1800+30"]
[Annotator "ChessBase"]
[EventDate "2018.08.09"]
[PlyCount "131"]
[EventType "tourn"]
[EventCountry "ESP"]

1. d4 d5 2. Nc3 Nf6 3. Bf4 Bf5 4. f3 e6 5. g4 Bg6 6. h4 h6 7. e3 c5 8. Bd3
Bxd3 9. Qxd3 Nc6 10. Nge2 Bd6 11. dxc5 Bxc5 12. O-O-O Qa5 13. Kb1 a6 14. g5
Nd7 15. Nd4 Bxd4 16. exd4 O-O-O 17. gxh6 gxh6 18. Rhg1 Nb6 19. a3 Nc4 20.
Ne2 Na7 21. Rg7 Rdf8 22. Rdg1 Nb5 23. Bc1 Kb8 24. h5 Nbd6 25. Rh7 Nf5 26.
Rxh8 Rxh8 27. Ka2 Ka7 28. b3 Ncd6 29. Bd2 Qc7 30. a4 Rc8 31. Kb1 Qb6 32.
Rg4 Nc4 33. Bc1 Qb4 34. Ka2 Ncd6 35. c3 Qa5 36. Ba3 b5 37. Bb4 Qc7 38. axb5
Nxb5 39. f4 a5 40. Bc5+ Ka6 41. Rg1 Qc6 42. Kb2 Kb7 43. Ra1 Ra8 44. Ng3
Nbd6 45. Nxf5 Nxf5 46. c4 dxc4 47. Qxc4 Ne3 48. Qe2 Nd5 49. Qe4 Qb5 50. f5
Ra6 51. fxe6 fxe6 52. Rg1 Qd7 53. Qe5 Kc6 54. Rg6 Nc7 55. Rxh6 Qf7 56. Rf6
Qg8 57. Qe4+ Kd7 58. h6 Nd5 59. Rg6 Qe8 60. h7 a4 61. Rg7+ Kc6 62. Qg6 Qb8
63. Qxe6+ Kb5 64. Qxd5 Qh2+ 65. Rg2 Qxh7 66. Qc4+ 1-0

[Event "83rd ESP-ch Women-ch 2018"]
[Site "Linares"]
[Date "2018.08.22"]
[Round "3"]
[White "Jimenez Bernal, Francisco"]
[Black "Rodriguez del Cerro, Ricardo"]
[Result "1-0"]
[WhiteElo "2250"]
[BlackElo "1953"]
[TimeControl "40/5400+30:1800+30"]
[Annotator "NA"]
[EventDate "2018.08.09"]
[PlyCount "39"]
[EventType "tourn"]
[EventCountry "ESP"]

1. c4 Nf6 2. Nc3 e6 3. e4 e5 4. Nf3 c6 5. Nxe5 Qe7 6. d4 d6 7. Nf3 Nxe4 8.
Nxe4 Qxe4+ 9. Be2 Be7 10. O-O O-O 11. Re1 Qg4 12. Ne5 Qh4 13. g3 Qh3 14.
Bf1 Qf5 15. Bd3 Qh3 16. Nf3 Bf6 17. Bg5 Qh5 18. Bxf6 Bg4 19. Be2 Re8 20. h3
1-0